Muscles et ses mouvements - Statistiques

Statistiques générales
  • Ce quiz a été pris 58 fois
  • Le résultat moyen est 7 sur 34
Statistiques - réponses
Hint Réponse % Correct
Extension du coude Rétropulsion du bras Triceps
69%
Supination Flexion du coude Antépulsion du bras Biceps
55%
A.B.D du bras Deltoïde moyen
52%
Elévation omoplate Sonnette externe Extension nuque Inclinaison nuque Trapèze supérieur
50%
Hisser tronc entre les brasElévation côtes Antéversion du bassin Rétropulsion du bras Grand dorsal
45%
Elévation omoplateA.D.D omoplate Sonnette int. Rhomboïde
43%
A.D.D omoplate Trapèze moyen
38%
Aspiration nombril Participation auto.g Participation inspi-expi Transverse
31%
Abaissement omoplateSonnette externe Trapèze inf
31%
Rétropulsion du brasRotation externe du bras Deltoïde post
29%
Rétropulsion brasA.D.D Bras Rotation interne du bras Grand rond
24%
Rotation interne du bras Orienter tête humérale dans la glène Sous scapulaire
24%
Flexion du coude Brachial antérieur
21%
A.D.D du bras Antépulsion du bras Coraco brachial
21%
Rotation externe du bras Orienter tête humérale dans la glène Petit rond
21%
Elévation côtesInclinaison nuque Extension nuque (post) Scalènes
21%
Flexion de busteRétroversion Remonter des viscères Grand droit
19%
A.B.D du bras Orienter la tête humérale dans la glène Sus-épineux
19%
Supination Flexion du coude Long supinateur
17%
Flexion de busteExpiration Rotation Inclinaison Obliques
17%
Rotation externe du bras Orienter tête humérale dans la glène Sous épineux
17%
Ouverture thoraxExtension nuque Inclinaison nuque SCOM
14%
Antépulsion du bras Rotation interne du bras A.D.D du bras Deltoïde ant
12%
Flexion de poignet Grand palmaire
10%
Extension busteAuto grandissements Inclinaison buste Rotation buste Spinaux
10%
Elévation omoplate Sonnette interne Extension nuque Inclinaison latérale nuque Angulaire (omoplate)
7%
Extension poignetA.D.D poignet Cubital postérieur
7%
A.D.D du brasRotation interne Antépulsion Inspi effort Grand pecs
7%
PronationFlexion coude Rond Carrée pronateur
5%
Latéroversion Inclinaison latérale Abaissement des côtes Carrée des Lombes
2%
Extension poignetA.D.D poignet Cubital antérieur
2%
Elève les côtesStabilise omoplate A.B.D omoplate Grand dentelée
2%
Flexion du cou Long du cou
2%
Entraine l’épaule en avant Elévation des côtes Petit pecs
2%
Aucun quiz correspondant
Distribution des résultats
% des personnes avec chaque résultat
Percentile par nombre de réponses
Votre historique - résultats
Vous n’avez pas pris ce quiz